U.S. Presidents Quiz - 30 Seconds Sprint - Statistics

General Stats
  • This quiz has been taken 88 times
  • The average score is 21 of 45
Answer Stats
Term President % Correct
2017–2021, 2025– Donald Trump
77%
1861–1865 Abraham Lincoln
73%
2009–2017 Barack Obama
69%
1789–1797 George Washington
69%
2021–2025 Joe Biden
69%
1797–1801 John Adams
69%
1825–1829 John Quincy Adams
69%
2001–2009 George W. Bush
65%
1865–1869 Andrew Johnson
62%
1989–1993 George H.W. Bush
62%
1963–1969 Lyndon B. Johnson
62%
1961–1963 John F. Kennedy
58%
1845–1849 James K. Polk
54%
1829–1837 Andrew Jackson
50%
1889–1893 Benjamin Harrison
50%
1809–1817 James Madison
50%
1817–1825 James Monroe
50%
1841–1845 John Tyler
50%
1981–1989 Ronald Reagan
50%
1841 William Henry Harrison
50%
1933–1945 Franklin D. Roosevelt
46%
1969–1974 Richard Nixon
46%
1801–1809 Thomas Jefferson
46%
1849–1850 Zachary Taylor
46%
1977–1981 Jimmy Carter
42%
1901–1909 Theodore Roosevelt
42%
1993–2001 Bill Clinton
38%
1974–1977 Gerald R. Ford
38%
1929–1933 Herbert Hoover
38%
1837–1841 Martin Van Buren
38%
1877–1881 Rutherford B. Hayes
38%
1909–1913 William Taft
38%
1881–1885 Chester A. Arthur
35%
1881 James Garfield
35%
1869–1877 Ulysses S. Grant
35%
1853–1857 Franklin Pierce
31%
1850–1853 Millard Fillmore
31%
1921–1923 Warren Harding
31%
1953–1961 Dwight D. Eisenhower
27%
1857–1861 James Buchanan
27%
1913–1921 Woodrow Wilson
27%
1923–1929 Calvin Coolidge
23%
1885–1889, 1893–1897 Grover Cleveland
23%
1945–1953 Harry Truman
23%
1897–1901 William McKinley
19%
No matching quizzes found
Score Distribution
Percent of People with Each Score
Percentile by Number Answered
Your Score History
You have not taken this quiz